000 00295nam a2200109Ia 4500
008 230907s9999||||xx |||||||||||||| ||und||
082 _a621.31/7
_bDAS
100 _aDas, J. C.,
_996424
245 0 _aPower system harmonics and passive filter designs /
300 _axxi, 844 pages :
942 _cBK
999 _c598055
_d598055